[Event "NED-ch U14"]
[Site "Almelo"]
[Date "2023.05.02"]
[Round "4"]
[White "Fallaux, Storm"]
[Black "Roolvink, William"]
[Result "0-1"]
[WhiteElo "1650"]
[BlackElo "1852"]
[PlyCount "110"]
[EventDate "2023.04.30"]
[EventType "swiss"]
[EventRounds "9"]
[EventCountry "NED"]
[SourceTitle "CBM 214 Extra"]
[Source "ChessBase"]
[SourceDate "2023.07.31"]
[SourceVersion "1"]
[SourceVersionDate "2023.07.31"]
[SourceQuality "1"]

1. e4 c6 2. d4 d5 3. Nc3 dxe4 4. Nxe4 Nf6 5. Nxf6+ exf6 6. c3 Bd6 7. Bd3 0-0 8. Ne2 Re8 9. 0-0 Nd7 10. Qc2 Nf8 11. Bd2 Ng6 12. Rae1 Be6 13. f4 Bd7 14. f5 Nf8 15. Bf4 Qc7 16. Bxd6 Qxd6 17. Ng3 Rxe1 18. Rxe1 Re8 19. Rxe8 Bxe8 20. Qe2 Bd7 21. Ne4 Qd5 22. Qg4 Kh8 23. Nc5 Bc8 24. Qe2 b6 25. Qe8 Kg8 26. Be4 Qxa2 27. Qxc8 bxc5 28. dxc5 Qa1+ 29. Kf2 Qxb2+ 30. Kf1 Qb5+ 31. Kf2 Qxc5+ 32. Ke2 Qc4+ 33. Bd3 Qxc3 34. Qa6 Qb2+ 35. Kf3 Qb6 36. Qc8 a5 37. Qa8 Qb3 38. Ke2 Qb2+ 39. Kf3 Qc3 40. Ke2 c5 41. Qa6 Qb4 42. Bb5 Qe4+ 43. Kd1 Qxg2 44. Qxa5 Qg1+ 45. Qe1 Qxh2 46. Bd3 Qe5 47. Qf1 Qa1+ 48. Kd2 Qxf1 49. Bxf1 Nd7 50. Kc3 Ne5 51. Be2 g6 52. Kd2 h5 53. Ke3 Kg7 54. Kf4 g5+ 55. Ke4 h4 0-1

[Event "NED-ch U14"]
[Site "Almelo"]
[Date "2023.05.01"]
[Round "2"]
[White "Fallaux, Storm"]
[Black "Lopes, Samuel"]
[Result "1/2-1/2"]
[WhiteElo "1650"]
[BlackElo "1865"]
[PlyCount "65"]
[EventDate "2023.04.30"]
[EventType "swiss"]
[EventRounds "9"]
[EventCountry "NED"]
[SourceTitle "CBM 214 Extra"]
[Source "ChessBase"]
[SourceDate "2023.07.31"]
[SourceVersion "1"]
[SourceVersionDate "2023.07.31"]
[SourceQuality "1"]

1. e4 c5 2. Nf3 d6 3. d4 cxd4 4. Nxd4 Nf6 5. Nc3 Nc6 6. g3 g6 7. Bg2 Nxd4 8. Qxd4 Bg7 9. Qd3 0-0 10. 0-0 Bd7 11. Be3 Ng4 12. Bf4 Bc6 13. Rad1 Qa5 14. Bd2 Qh5 15. h4 Ne5 16. Qe2 Qxe2 17. Nxe2 Bb5 18. Rfe1 Bxe2 19. Rxe2 Nc4 20. b3 Nxd2 21. Rexd2 Rab8 22. c4 Rfc8 23. Rd5 b6 24. f4 Kf8 25. Bh3 Rc5 26. Kf2 Rxd5 27. cxd5 Ke8 28. Ke3 Kd8 29. Rc1 Bb2 30. Rc4 Ba3 31. Ke2 Bc5 32. a4 b5 33. axb5 1/2-1/2

[Event "NED-ch U14"]
[Site "Almelo"]
[Date "2022.05.03"]
[Round "3"]
[White "Fallaux, Storm"]
[Black "Van Batenburg, Mees"]
[Result "0-1"]
[WhiteElo "1459"]
[BlackElo "1713"]
[PlyCount "102"]
[EventDate "2022.05.01"]
[EventType "swiss"]
[EventRounds "9"]
[EventCountry "NED"]
[SourceTitle "EXT 2023"]
[Source "ChessBase"]
[SourceDate "2022.10.05"]
[SourceVersion "1"]
[SourceVersionDate "2022.10.05"]
[SourceQuality "1"]

1. e4 c5 2. Nf3 Nc6 3. Bb5 g6 4. 0-0 Bg7 5. c3 e5 6. Re1 Nge7 7. d3 d6 8. h3 0-0 9. Na3 h6 10. Nh2 f5 11. exf5 Bxf5 12. Ng4 Kh7 13. Nc4 a6 14. Bxc6 Nxc6 15. a4 Bxg4 16. Qxg4 Qf6 17. Re2 d5 18. Nb6 h5 19. Qg5 Rad8 20. Qxf6 Bxf6 21. a5 d4 22. c4 Nb4 23. Rd2 Rd6 24. Na4 Rc8 25. b3 Bd8 26. Nb2 Nc6 27. Re2 Nxa5 28. Rxa5 Bxa5 29. Na4 b5 30. Nb2 Re8 31. f4 Rde6 32. Kf2 exf4 33. Rxe6 Rxe6 34. Bxf4 Rf6 35. Kg3 Be1+ 36. Kf3 Bd2 37. g3 g5 38. Ke4 gxf4 39. Ke5 fxg3 40. cxb5 axb5 41. b4 cxb4 42. Nc4 bxc4 43. Kxd4 g2 44. Kxc4 g1Q 45. h4 Rc6+ 46. Kd5 Qc5+ 47. Ke4 Re6+ 48. Kf3 Qe3+ 49. Kg2 Rg6+ 50. Kh2 Qf2+ 51. Kh1 Rg1# 0-1

[Event "NED-ch U12 op"]
[Site "Borne"]
[Date "2019.08.10"]
[Round "13"]
[White "Madularea, David"]
[Black "Fallaux, Storm"]
[Result "0-1"]
[WhiteElo "1234"]
[BlackElo "1040"]
[PlyCount "128"]
[EventDate "2019.08.05"]
[EventType "swiss"]
[EventRounds "13"]
[EventCountry "NED"]
[SourceTitle "EXT 2020"]
[Source "ChessBase"]
[SourceDate "2019.10.17"]
[SourceVersion "1"]
[SourceVersionDate "2019.10.17"]
[SourceQuality "1"]

1. e4 e5 2. Bc4 Bc5 3. Nf3 Nc6 4. Nc3 d6 5. d3 h6 6. h3 Be6 7. Bb3 Nf6 8. Bd2 Qd7 9. Qe2 0-0-0 10. 0-0-0 Bxb3 11. axb3 Rhe8 12. Na4 Nd4 13. Nxd4 Bxd4 14. Be3 Bxe3+ 15. Qxe3 b6 16. Kd2 d5 17. Kc1 d4 18. Qd2 Qd6 19. b4 Qc6 20. b3 b5 21. Nc5 Nd7 22. Nxd7 Rxd7 23. Kb2 Qg6 24. f3 f5 25. Ra1 Kb7 26. Ra5 a6 27. Qe2 fxe4 28. Qxe4+ Qxe4 29. dxe4 d3 30. Rd1 d2 31. c4 c6 32. Ra2 Rd3 33. Kc2 Red8 34. Raa1 R3d6 35. Rdb1 Rg6 36. Rg1 Rd4 37. Rab1 Rgd6 38. c5 Rd7 39. Rgd1 Rxb4 40. Rxd2 Rxd2+ 41. Kxd2 a5 42. Kc2 a4 43. g3 g5 44. Kc3 Rd4 45. bxa4 Rxa4 46. Rb4 Ra1 47. Kd2 Rh1 48. f4 gxf4 49. gxf4 exf4 50. e5 f3 51. Ke3 Re1+ 52. Kxf3 Rxe5 53. Rh4 h5 54. Kf4 Rxc5 55. Ke3 Rd5 56. Rb4 Ka6 57. Ke4 Ka5 58. Rb1 b4 59. Rc1 b3 60. Rxc6 Rb5 61. Rc1 b2 62. Rb1 Ka4 63. Rxb2 Rxb2 64. Kf4 Rb5 0-1

[Event "NED-ch U12 op"]
[Site "Borne"]
[Date "2019.08.07"]
[Round "6"]
[White "Arnold, Rhys"]
[Black "Fallaux, Storm"]
[Result "0-1"]
[WhiteElo "1379"]
[BlackElo "1040"]
[PlyCount "112"]
[EventDate "2019.08.05"]
[EventType "swiss"]
[EventRounds "13"]
[EventCountry "NED"]
[SourceTitle "EXT 2020"]
[Source "ChessBase"]
[SourceDate "2019.10.17"]
[SourceVersion "1"]
[SourceVersionDate "2019.10.17"]
[SourceQuality "1"]

1. e4 e5 2. d4 exd4 3. c3 dxc3 4. Nxc3 Nc6 5. Nf3 Bc5 6. Bc4 Nf6 7. 0-0 0-0 8. Bg5 h6 9. Bh4 d6 10. Nd5 g5 11. Nxf6+ Qxf6 12. Bg3 Bg4 13. Be2 Bxf3 14. Bxf3 Nd4 15. Bh5 Rae8 16. Re1 Ne6 17. Qg4 Ng7 18. Rac1 Re7 19. h4 Qe6 20. Qf3 Rfe8 21. hxg5 hxg5 22. Kh2 Nxh5 23. Qxh5 Qg6 24. Qh3 Rxe4 25. Rxe4 Qxe4 26. Kg1 Qe7 27. Qg4 f6 28. b4 Bb6 29. Kf1 Kg7 30. f3 Rh8 31. Qe4 Qxe4 32. fxe4 Rh1+ 33. Ke2 Rxc1 34. Kd2 Rc4 35. a3 Rxe4 36. Bh2 Rh4 37. Bg3 Rg4 38. Be1 Rxg2+ 39. Kc3 c5 40. b5 Ba5+ 41. Kc4 Bxe1 42. a4 Rg4+ 43. Kb3 Rb4+ 44. Kc2 Rxa4 45. b6 axb6 46. Kb3 b5 47. Kc2 Rd4 48. Kb3 Rc4 49. Kb2 Kf7 50. Kb3 Ke6 51. Kb2 Kd5 52. Kb3 Kd4 53. Kb2 Kd3 54. Kb3 Rb4+ 55. Ka2 Kc2 56. Ka3 Ra4# 0-1